Générique Caroline et ses amis - Paroles - Statistiques

Statistiques générales
  • Ce quiz a été pris 7 fois
  • Le résultat moyen est 13 sur 24
Statistiques - réponses
Paroles % Correct
C'est Caroline et ses {copains}
100%
C'est Caroline et tous ses {amis}
100%
Des chats et des {chiens}
100%
Qui se donnent la {main}
100%
Entrez dans la {danse}
86%
Dans un drôle de {monde}
71%
C'est Caroline et ses {amis}
57%
C'est Caroline et ses {copains}
57%
C'est Caroline et tous ses {amis}
57%
Dans ses {aventures}
57%
Des chats et des {chiens}
57%
Une histoire {commence}
57%
Une petite fille {blonde}
57%
Complice et {coquins}
43%
Dans un drôle de {monde}
43%
Les enfants sont {rois}
43%
Quelque soit l'{endroit}
43%
Une petite fille {blonde}
43%
Une petite fille {blonde}
43%
Dans une drôle de {ronde}
29%
Deux grand yeux d'{azur}
29%
Et Caroline nous {entraîne}
29%
Quand Caroline vient {jouer}
29%
C'est toujours la {gaieté}
14%
Aucun quiz correspondant
Distribution des résultats
% des personnes avec chaque résultat
Percentile par nombre de réponses
Votre historique - résultats
Vous n’avez pas pris ce quiz